De amor y de sombra

Saved in:
Bibliografiske detaljer
Hovedforfatter: Allende, Isabel, 1942- (autora)
Format: Bog
Sprog:spansk
Udgivet: Barcelona Plaza y Janés Editores S. A 1984
Udgivelse:3a. ed
Fag:
Tags: Tilføj Tag
Ingen Tags, Vær først til at tagge denne postø!

MARC

LEADER 00000cam a2200000 a 4500
001 UCE9729
003 CL-VaPUC
008 151106e19840000sp |||||||||||||||||spa|d
020 |a 8401380340 
082 0 4 |a Ch863  |b ALL  |2 21 
100 |a Allende, Isabel,  |d 1942-  |e autora  |9 318389 
245 1 0 |a De amor y de sombra 
250 |a 3a. ed 
300 |a 281 p 
942 |c BK 
945 |d 20151106 14:16:00  |a dcastane 
260 |a Barcelona  |b Plaza y Janés Editores S. A  |c 1984 
650 0 |a Novelas chilenas   |9 265425 
650 0 |a Literatura chilena   |9 308278 
583 |a last modification  |c 20151106 14:16:00  |k Rodrigo Vera 
999 |c 361374  |d 361372 
952 |0 0  |1 0  |3 erb  |4 0  |6 CH_863_000000000000000_ALL_1984  |7 0  |8 A  |9 471816  |a BIBEDU  |b BIBEDU  |c ES_NOD  |i 5210488  |l 3  |o Ch863 ALL 1984  |p 5210488  |r 2023-09-08  |s 2023-09-01  |w 2019-11-24  |y BK  |z Catalogado en:20151106  |k EDU